| 000 | 00427nam a22001697a 4500 | ||
|---|---|---|---|
| 003 | OSt | ||
| 005 | 20210827111350.0 | ||
| 008 | 210827b |||||||| |||| 00| 0 eng d | ||
| 020 | _a0-444-70404-3 | ||
| 040 | _chu | ||
| 082 | _a519.53 | ||
| 100 |
_a edited by HANS H. BOCK _9549 |
||
| 245 | _aClassification and Related Methods of Data Analysis | ||
| 260 |
_aNEW YORK _bNorth-Holl _c1987 |
||
| 300 | _a748 | ||
| 942 |
_2ddc _cBOOKS _n0 |
||
| 999 |
_c673 _d673 |
||